| 000 | 00881nam a2200229Ii 4500 | ||
|---|---|---|---|
| 003 | JO-AjNU | ||
| 008 | 230605s9999||||xx |||||||||||||| ||und|| | ||
| 017 | _a2017/1/296 | ||
| 020 | _a978-9957-18-622-7 | ||
| 040 |
_aJO-AjNU _bara _erda _cJO-AjNU |
||
| 041 | _aara | ||
| 050 | 1 | 4 | _aLB2805.Q39 2017 |
| 100 | 3 |
_aتأليف القيسي، هناء محمود، م.مشارك يوسف يعقوب شحادة, _eauthor _959994 |
|
| 245 | 0 | 0 | _aالشامل في الادارة التربوية المعاصرة |
| 250 | _aالطبعة الاولى | ||
| 264 | 3 | 1 | _aعمان: دار المناهج للنشر والتوزيع، 2017 |
| 300 |
_a476ص _b ويحتوي على قائمة مراجع من ص475-ص476 |
||
| 336 |
_atext _btxt _2rdacontent |
||
| 337 |
_aunmediated _bn _2rdamedia |
||
| 338 |
_avolume _bnc _2rdacarrier |
||
| 650 | 4 |
_aالادارة التربوية _959995 |
|
| 999 |
_aA27026 _c30594 _d30594 |
||